| 000 | 00721nas a2200253 4500 | ||
|---|---|---|---|
| 001 | BR9504750 | ||
| 003 | BR-BrBNA | ||
| 005 | 20231205094133.0 | ||
| 007 | ta | ||
| 008 | 230509b bl.|||p| |||| 00| 00por d | ||
| 040 |
_aBR-BrBNA _bpor _cBiblioteca Nacional de Agricultura |
||
| 041 | _a(Pt) | ||
| 072 | _aL73 | ||
| 100 | 1 | _aSoerensen, B. | |
| 100 | 1 | _aPolegato, E.P.S. | |
| 245 | 1 | _aO torcicolo como indice de pasteurelose nas granjas industriais de coelhos | |
| 650 | _aCoelho | ||
| 650 | _aPasteurelose | ||
| 650 | _aBacteria | ||
| 650 | _aDisturbio Fisiologico | ||
| 773 | 0 |
_tUNIMAR Ciencias (Brazil) _x _g(1994), v. 3 p. 5-7 _wBR9504750 |
|
| 909 |
_a202311 _bLúcia _c55 _dLúcia Elande |
||
| 942 |
_2AGRIS _n0 _cANA |
||
| 999 |
_c142291 _d142291 |
||